Reyes aqueménidas de Persia - Estadísticas

Estadísticas generales
  • Esta prueba ha sido intentada 24 veces
  • La puntuación promedio es 9 de 13
Estadísticas de respuestas
Período Nombre % Correcto
522-485 a. C. Darío I
90%
423-404 a. C. Darío II
90%
336-330 a. C. Darío III
90%
485-465 a. C. Jerjes I
90%
424 a. C. Jerjes II
90%
559-529 a. C. Ciro II
80%
465-424 a. C. Artajerjes I
70%
404-358 a. C. Artajerjes II
70%
358-338 a. C. Artajerjes III
70%
338-336 a. C. Artajerjes IV
70%
330-329 a. C. Artajerjes V
70%
529-522 a. C. Cambises II
40%
424-423 a. C. Sogdiano
5%
No se encontraron pruebas coincidentes
Distribución de puntuación
Porcentaje de gente con cada puntuación
Porcentaje por número respondido
Historial de tus puntuaciones
No has intentado esta prueba.